[Event "AUTO-ADV-1591"]
[Site "http://www.queenalice.com/game.php?id=705787"]
[Date "2009.12.30"]
[Round "1"]
[White "avinashroyal"]
[Black "Murderface"]
[Result "0-1"]
[WhiteElo "1749"]
[BlackElo "1951"]

1. e4 c6 2. a4 d5 3. e5 Bf5 4. Nf3 e6 5. d4 Nd7 6. Bd3 Bxd3 7. Qxd3 c5 8. b3
cxd4 9. Qxd4 Bc5 10. Qg4 g6 11. Nc3 Ne7 12. Bb2 O-O 13. Ne2 Nf5 14. h4 Rc8 15.
O-O Qb6 16. h5 Bxf2+ 17. Rxf2 Rxc2 18. Bd4 Qxb3 19. Nc1 Qc4 20. Nd2 Rxc1+ 21.
Rxc1 Qxc1+ 22. Nf1 b6 23. Rd2 Qc4 24. Qf4 Nc5 25. Ne3 Nxe3 26. Qxe3 Nxa4 27. Rf2
Nc5 28. Bxc5 bxc5 29. Qg5 Qd4 30. h6 f6 31. exf6 Rf7 32. g3 c4 33. Kh2 Qxf2+ 34.
Kh3 Qxf6 35. Qxf6 Rxf6 36. g4 c3 0-1

[Event "AUTO-ADV-1591"]
[Site "http://www.queenalice.com/game.php?id=705802"]
[Date "2009.12.30"]
[Round "1"]
[White "babamas"]
[Black "avinashroyal"]
[Result "0-1"]
[WhiteElo "1866"]
[BlackElo "1806"]

1. d4 d5 2. Nc3 e6 3. e3 Nf6 4. Bd3 Bb4 5. Bd2 Bxc3 6. Bxc3 a6 7. Nf3 O-O 8. O-O
Nc6 9. h3 b5 10. a3 Bb7 11. Ne5 Qe8 12. f4 Nxe5 13. fxe5 Ne4 14. Bxe4 a5 15. Qh5
dxe4 16. Rf4 g6 17. Rg4 Kh8 18. Qh6 Rg8 19. Rh4 Rg7 20. Rf1 Qe7 21. Rf6 b4 22.
axb4 axb4 23. Bd2 Ra2 24. Rhf4 Rxb2 25. Be1 Rb1 26. Kf2 Rc1 27. c4 bxc3 28. h4
c2 29. Bd2 Rd1 0-1

[Event "AUTO-ADV-1591"]
[Site "http://www.queenalice.com/game.php?id=705803"]
[Date "2009.12.30"]
[Round "1"]
[White "avinashroyal"]
[Black "babamas"]
[Result "0-1"]
[WhiteElo "1821"]
[BlackElo "1851"]

1. e4 e6 2. a3 c5 3. Bc4 a6 4. d3 Nf6 5. Nf3 Nc6 6. Bg5 Be7 7. O-O b5 8. Bb3 Bb7
9. Re1 O-O 10. Nc3 h6 11. Bh4 Ne8 12. Bxe7 Qxe7 13. Qd2 Nc7 14. Qf4 e5 15. Qg3
Nd4 16. Nxd4 exd4 17. Qxc7 Bc6 18. Nd5 Bxd5 19. exd5 Qd8 20. Qxc5 Qa5 21. Qxd4
Rae8 22. Rxe8 Rxe8 23. c3 d6 24. Qf4 Qc7 25. g3 Qe7 26. Rb1 g5 27. Qb4 f5 28.
Qa5 f4 29. Qxa6 f3 30. Qxb5 Qe1+ 31. Rxe1 Rxe1# 0-1

[Event "AUTO-ADV-1591"]
[Site "http://www.queenalice.com/game.php?id=705814"]
[Date "2009.12.30"]
[Round "1"]
[White "avinashroyal"]
[Black "Aguinaldo"]
[Result "1-0"]
[WhiteElo "1782"]
[BlackElo "1479"]

1. e4 e5 2. Bc4 c6 3. a4 Nf6 4. d3 Bd6 5. Qf3 O-O 6. Bb3 Na6 7. Bd2 Bb4 8. Bxb4
Nxb4 9. Na3 d5 10. exd5 Nbxd5 11. h3 Re8 12. O-O-O Be6 13. Nc4 b5 14. Nxe5 Bd7
15. d4 bxa4 16. Bxa4 Qc7 17. Ne2 Nb6 18. Bb3 Re7 19. Rhe1 Nbd5 20. Nc3 Nxc3 21.
Qxc3 Rc8 22. f4 Nd5 23. Qd2 Be6 24. g3 Bxh3 25. Rh1 Bf5 26. g4 Bd7 27. Nxd7 Qxd7
28. g5 Qf5 29. Rh4 Re4 30. Rf1 f6 31. Bc4 Kh8 32. Ba6 Rb8 33. Kb1 Rb6 34. Bd3
1-0

[Event "AUTO-ADV-1591"]
[Site "http://www.queenalice.com/game.php?id=705815"]
[Date "2009.12.30"]
[Round "1"]
[White "Aguinaldo"]
[Black "avinashroyal"]
[Result "0-1"]
[WhiteElo "1475"]
[BlackElo "1786"]

1. e4 e5 2. Nf3 Nc6 3. Bb5 Nge7 4. Bxc6 bxc6 5. Nxe5 Bb7 6. d3 d6 7. Nf3 Ng6 8.
Nc3 Be7 9. Be3 O-O 10. O-O Re8 11. Qd2 Qd7 12. Bg5 h6 13. Bxe7 Qxe7 14. Rae1 Qf6
15. b3 a6 16. a4 Rab8 17. Ne2 c5 18. Ng3 Nf4 19. Ne2 Nxe2+ 20. Rxe2 Qg6 21. Qc3
Re6 22. Re3 d5 23. exd5 Bxd5 24. Rxe6 Bxe6 25. g3 Re8 26. Qxc5 Qg4 27. Ne5 Qh3
28. c4 Rc8 29. Nc6 Kh8 30. Qe5 Re8 31. Nd4 Bd7 32. Qxc7 Rc8 33. Qf4 Kg8 34. Re1
Rc5 35. b4 Rh5 36. c5 Qxh2+ 37. Kf1 Qh3+ 0-1

[Event "AUTO-ADV-1597"]
[Site "http://www.queenalice.com/game.php?id=707924"]
[Date "2010.1.3"]
[Round "1"]
[White "avinashroyal"]
[Black "niclep"]
[Result "0-1"]
[WhiteElo "1828"]
[BlackElo "1897"]

1. e4 e5 2. Bc4 Bc5 3. Qh5 Qf6 4. Nh3 d6 5. Qg5 Bxh3 6. Qxf6 Nxf6 7. gxh3 Nxe4
8. f3 Nf6 9. d3 d5 10. Bb3 c6 11. Bd2 O-O 12. Nc3 d4 13. Na4 Bd6 14. Rg1 b5 15.
Bh6 Ne8 16. O-O-O Kh8 17. Bd2 Nd7 18. Nc3 dxc3 19. Bxc3 Nef6 20. a3 Nc5 21. Ba2
Rad8 22. Kb1 Nd5 23. Bxd5 cxd5 24. d4 Nd7 25. Rde1 Rfe8 26. Rg2 f6 27. Rge2 a6
28. Rd2 e4 29. fxe4 dxe4 30. Ba5 Rc8 31. Rde2 f5 32. h4 h5 33. h3 Nf6 34. Rg2 f4
35. Rg5 e3 36. Bc3 f3 37. Rf5 f2 38. Rf1 Bg3 39. Kc1 e2 40. R1xf2 Bxf2 41. Rxf2
e1=Q+ 0-1

[Event "AUTO-ADV-1597"]
[Site "http://www.queenalice.com/game.php?id=707925"]
[Date "2010.1.3"]
[Round "1"]
[White "niclep"]
[Black "avinashroyal"]
[Result "1-0"]
[WhiteElo "1910"]
[BlackElo "1815"]

1. e4 e6 2. e5 d6 3. d4 Nc6 4. exd6 Bxd6 5. Nf3 Nf6 6. Nc3 b6 7. h3 Bb7 8. Bd3
h6 9. O-O Nh5 10. Ne2 Qf6 11. Qd2 Nb4 12. c3 Nd5 13. Bb5+ c6 14. Bc4 Ndf4 15.
Nxf4 Nxf4 16. Bd3 c5 17. dxc5 Nxd3 18. Qxd3 Bxc5 19. b4 Bxb4 20. Qb5+ Kf8 21.
Qxb4+ Kg8 22. Be3 Kh7 23. Rac1 Rhd8 24. Qg4 Rac8 25. Bd4 Qg6 26. Ne5 Qxg4 27.
Nxg4 Rd5 28. Rfe1 Rg5 29. Be3 Ra5 30. Rc2 Bd5 31. Ree2 Be4 32. Rc1 Ra3 33. Bd4
Bd3 34. Rd2 Bc4 35. Rcc2 h5 36. Ne5 Kg8 37. f4 Bd5 38. c4 Be4 39. Rb2 1-0

[Event "AUTO-ADV-1597"]
[Site "http://www.queenalice.com/game.php?id=707928"]
[Date "2010.1.3"]
[Round "1"]
[White "avinashroyal"]
[Black "sasquatico"]
[Result "1-0"]
[WhiteElo "1824"]
[BlackElo "1743"]

1. e4 d5 2. e5 e6 3. d4 c5 4. dxc5 Bxc5 5. Qg4 g6 6. Nc3 Nc6 7. Nf3 h5 8. Qf4
Qe7 9. a3 Nh6 10. Qa4 Bd7 11. Bg5 Qf8 12. Bf6 Nxe5 13. Qf4 Nxf3+ 14. Qxf3 Rg8
15. Nb5 Bd6 16. Qb3 Nf5 17. O-O-O a6 18. Nxd6+ Nxd6 19. Be5 Bc6 20. Qb4 Ne4 21.
Qd4 f6 22. Bg3 h4 23. Bxh4 g5 24. f3 e5 25. Qe3 gxh4 26. fxe4 d4 27. Qh3 Qh6+
28. Kb1 Bxe4 29. Qe6+ Kf8 30. Bc4 Rg7 31. Rhf1 Re8 32. Rxf6+ Qxf6 33. Qxf6+ Rf7
34. Qxf7# 1-0

[Event "AUTO-ADV-1597"]
[Site "http://www.queenalice.com/game.php?id=707929"]
[Date "2010.1.3"]
[Round "1"]
[White "sasquatico"]
[Black "avinashroyal"]
[Result "0-1"]
[WhiteElo "1716"]
[BlackElo "1803"]

1. e4 e6 2. e5 d6 3. exd6 Bxd6 4. Nf3 Nf6 5. Be2 O-O 6. O-O b6 7. d3 Bb7 8. Bg5
Nc6 9. Nc3 h6 10. Bd2 Na5 11. Ne4 Nxe4 12. dxe4 Bxe4 13. Bxa5 bxa5 14. Bd3 Bxf3
15. Qxf3 Rb8 16. b3 Qh4 17. h3 Rfd8 18. a4 Rb4 19. Bc4 Be5 20. Rae1 Bf6 21. c3
Rb6 22. Rd1 Rbd6 23. Rxd6 Rxd6 24. Qa8+ Bd8 25. Qxa7 c5 26. Qxc5 Rd2 27. Qb5 Qf6
28. Qe8+ Kh7 29. Qb5 Qxc3 30. Qe8 Qf6 31. Qb5 Qd4 32. Qe8 Qf4 33. Qb5 Bc7 34. g3
Qd4 35. g4 Qf4 36. Re1 Qh2+ 37. Kf1 Qxf2# 0-1

[Event "AUTO-OPEN-1614"]
[Site "http://www.queenalice.com/game.php?id=710257"]
[Date "2010.1.8"]
[Round "2"]
[White "avinashroyal"]
[Black "Football_rules"]
[Result "1-0"]
[WhiteElo "1802"]
[BlackElo "1643"]

1. d4 d5 2. Bf4 e6 3. e3 Nf6 4. Bd3 Nc6 5. a3 Bd6 6. Bg3 e5 7. dxe5 Bxe5 8. Bxe5
Nxe5 9. Nf3 Qd6 10. Nc3 Bg4 11. Nb5 Nxf3+ 12. gxf3 Bh5 13. Nxd6+ cxd6 14. Bb5+
Ke7 15. Rg1 g6 16. Qe2 Rhd8 17. O-O-O Kf8 18. Rd2 a6 19. Ba4 b5 20. Bb3 Rdb8 21.
Bxd5 Ra7 22. Rg3 a5 23. Qd3 b4 24. axb4 axb4 25. Kb1 Ra5 26. Qc4 Nxd5 27. Rxd5
Rba8 28. Rxa5 Rxa5 29. Qxb4 Rc5 30. Qb8+ Kg7 31. Qxd6 Rf5 32. f4 Rf6 33. Qe5 h6
34. h4 Be2 35. f5 h5 36. f4 Bc4 37. b3 Ba6 38. fxg6 fxg6 39. f5 Bc8 40. e4 Bxf5
41. exf5 g5 42. Rxg5+ 1-0

[Event "AUTO-OPEN-1614"]
[Site "http://www.queenalice.com/game.php?id=710258"]
[Date "2010.1.8"]
[Round "2"]
[White "Football_rules"]
[Black "avinashroyal"]
[Result "0-1"]
[WhiteElo "1638"]
[BlackElo "1812"]

1. e4 e6 2. e5 d6 3. d4 Ne7 4. Bb5+ Bd7 5. Nc3 a6 6. Bc4 dxe5 7. dxe5 Nbc6 8. a3
Nxe5 9. Bf4 Nxc4 10. b3 Ng6 11. Bg3 Nxa3 12. Nge2 Nb5 13. O-O Qf6 14. Qd2 Bb4
15. Rad1 Rd8 16. Rfe1 Nxc3 17. Nxc3 Bxc3 18. Qe2 Bxe1 19. Qxe1 Qb2 20. Rc1 Rc8
21. h3 O-O 22. Qe3 Rfd8 23. f3 Ne7 24. Bf4 Nf5 25. Qa7 Bc6 26. g4 Ng3 27. Qe3
Bb5 28. Kf2 Ne2 29. Re1 Qxc2 30. Rxe2 Bxe2 31. Qxe2 Qc5+ 32. Kg3 Qg1+ 33. Kh4
Rd4 34. Be5 Rd5 35. g5 Rf8 36. f4 f6 37. gxf6 gxf6 38. Bxc7 e5 39. Qg4+ Qxg4+
40. Kxg4 e4 41. Bb6 h5+ 42. Kh4 Kg7 43. b4 Kh6 44. Be3 f5 45. Bc5 Rg8 46. b5
axb5 47. Bb4 e3 48. Bd2 e2 0-1

[Event "AUTO-OPEN-1614"]
[Site "http://www.queenalice.com/game.php?id=710259"]
[Date "2010.1.8"]
[Round "2"]
[White "avinashroyal"]
[Black "manasses"]
[Result "0-1"]
[WhiteElo "1711"]
[BlackElo "1901"]

1. d4 d5 2. Bf4 Bf5 3. e3 e6 4. a3 Bd6 5. Ne2 Nf6 6. Nbc3 a6 7. Ng3 Bg6 8. h3
O-O 9. Bd3 Bxd3 10. Qxd3 Bxf4 11. exf4 Nbd7 12. O-O-O c5 13. dxc5 Nxc5 14. Qe3
Qc7 15. Rhe1 Rfc8 16. f3 Na4 17. Rd2 Nxc3 18. bxc3 Qxc3 19. Qxc3 Rxc3 20. Kb2
Rac8 21. Ne2 R3c4 22. Red1 Nd7 23. g4 b5 24. c3 Nb6 25. Rc1 g6 26. Nd4 Na4+ 27.
Kb3 Rxc3+ 0-1

[Event "AUTO-OPEN-1614"]
[Site "http://www.queenalice.com/game.php?id=710260"]
[Date "2010.1.8"]
[Round "2"]
[White "manasses"]
[Black "avinashroyal"]
[Result "1-0"]
[WhiteElo "1889"]
[BlackElo "1790"]

1. d4 d5 2. c4 dxc4 3. e3 b5 4. a4 Bd7 5. axb5 Bxb5 6. Nc3 c6 7. Nf3 e6 8. Ne5
Bb4 9. Bxc4 Bxc3+ 10. bxc3 Bxc4 11. Nxc4 Qd5 12. Qb3 Nd7 13. O-O Ngf6 14. Ba3
Rb8 15. Qa4 Ne4 16. Rfc1 Rb7 17. f3 Ndf6 18. fxe4 Nxe4 19. Ne5 Rc7 20. Rab1 f6
21. Rb8+ Qd8 22. Rxd8+ Kxd8 23. Nxc6+ Kc8 24. Rb1 Rb7 25. Qa6 Nd6 26. Bxd6 g5
27. Qxb7# 1-0